00442pab a2200133 454500008003600000100002400036245007500060362003200135650002300167773001500190909001000205999001700215952007600232180718b xxu||||| |||| 00| 0 eng d aChakravarthy Nikhil aRevival of dangerous trend: emasculating office of Election Commission a32(30), 11 Jun 1994, p.9-10 aElections -- India aMainstream a26698 c26698d26698 00104070aIIPAbIIPAd2018-07-19pAR26800r2018-07-19w2018-07-19yAR